| 000 | 01147pam a2200349 i 4500 | ||
|---|---|---|---|
| 999 |
_c29094 _d29065 |
||
| 001 | 018733359 | ||
| 003 | EG-ScBUE | ||
| 005 | 20210420092048.0 | ||
| 008 | 171205t20182013enka f b 001 0 eng d | ||
| 020 | _a9781912217595 | ||
| 020 | _a1912217597 | ||
| 040 |
_aStDuBDS _beng _erda _cStDuBDS _dUk _dEG-ScBUE |
||
| 082 | 0 | 4 |
_a738.1 _bGAU _222 |
| 100 | 1 | 0 |
_aGault, Rosette, _eauthor. |
| 245 | 1 | 0 |
_aPaperclay : _bart and practice / _cRosette Gault. |
| 250 | _aReprinted edition. | ||
| 264 | 1 |
_aLondon, UK ; _aNew York, USA : _bHerbert Press : _bBloomsbury Publishing Plc, _c2018. |
|
| 300 |
_a160 pages : _bcolor illustrations ; _c25 cm. |
||
| 336 |
_atext _2rdacontent _btxt |
||
| 336 |
_astill image _2rdacontent _btxt |
||
| 337 |
_aunmediated _2rdamedia _bn |
||
| 338 |
_avolume _2rdacarrier _bnc |
||
| 490 | 0 | _aThe new ceramics | |
| 500 | _aOriginally published: 2013. | ||
| 500 |
_aFormerly CIP. _5Uk |
||
| 504 | _aIncludes bibliographical references and index. | ||
| 650 | 7 |
_aPaper clay. _2BUEsh |
|
| 650 | 7 |
_aPottery craft _xEquipment and supplies. _2BUEsh |
|
| 653 |
_bGGEN _cApril2021 |
||
| 655 |
_vReading book _934232 |
||
| 942 |
_2ddc _cBB |
||